Movie Pop-Ups II Quiz Stats

Quiz Updated Dec 31, 2017

Also try: Movie Pop-Ups
Challenge
Share
Tweet
Score 0/10 Timer 06:00
8 Plays Today
% Correct
The Terminator
97.4%
Titanic
96.2%
Goldfinger
91.5%
One Hundred and One Dalmatians
89.4%
Cinderella
88.7%
Independence Day
85.5%
Gremlins
85.2%
Dirty Harry
77.5%
2001: A Space Odyssey
67.9%
Ghostbusters
63.7%

You're not logged in!

Compare scores with friends on all Sporcle quizzes.
Sign Up with Email
OR
Log In

You Might Also Like...

Show Comments

Extras

Top Quizzes Today


Score Distribution

Your Account Isn't Verified!

In order to create a playlist on Sporcle, you need to verify the email address you used during registration. Go to your Sporcle Settings to finish the process.

Report this User

Report this user for behavior that violates our Community Guidelines.

Details: